000
00232nam a22001097a 4500
003
OSt
008
250107b |||||||| |||| 00| 0 eng d
041
_a
eng
100
_a
Gopimani, R
_9
6738
245
_a
Vilasasya Shastram
942
_c
BK
999
_c
18968
_d
18968